000 00444 a2200157 4500
001 149943
040 _cEscola São Tomás de Aquino
100 _aRAMOS, Roberto Carlos
240 1 0 _aResgatando e contando nossas histórias folclóricas
_lpor
245 1 0 _aResgatando e contando nossas histórias folclóricas
300 _a47
362 0 _a2001
440 1 _aEditora leitura
697 _aFolclore / Adivinhações / Lendas
942 _cBK
999 _c149943
_d149943